000 01274nam a22002777a 4500
001 4042
003 FISKH
005 20250116160055.0
008 240603b cb ||||| |||| 00| 0 eng d
020 _a9781444001075
040 _aFISKH
_beng
_cFISKH
_dFISKH
082 _a823.914
100 _aSimon, Francesca
_eauthor
245 _aHorrid Henry's Car Journey /
_cby Francesca Simon : illustrated by Tony Ross
250 _aThis edition first published in Great Britain in 2011
260 _aLondon :
_bOrin House ;
_c2002
300 _a78 pages :
_bcolor illustrations ;
_c21 cm .
490 _aEarly Reader
505 _aK
520 _aEarly Readers are stepping stones from picture books to reading books. A blue Early Reader is perfect for sharing and reading together. A red Early Reader is the next step on your reading journey. Horrid Henry hates car journeys - especially when it means going to visit Prissy Polly and Pimply Paul, and missing Rude Ralph's birthday party. Watch out, Mum and Dad, because Henry is prepared to do whatever it takes to get out of this trip. Read by Miranda Richardson
521 8 _a520
_bLexile
521 8 _aK
_bRaz-Plus
700 _aRoss, Tony
_eillustrator
942 _2ddc
_cBK
_n0
999 _c4042
_d4042